<?xml version="1.0" encoding="UTF-8"?><?xml-stylesheet type="text/xsl" href="static/style.xsl"?><OAI-PMH xmlns="http://www.openarchives.org/OAI/2.0/" xmlns:xsi="http://www.w3.org/2001/XMLSchema-instance" xsi:schemaLocation="http://www.openarchives.org/OAI/2.0/ http://www.openarchives.org/OAI/2.0/OAI-PMH.xsd"><responseDate>2026-04-13T01:07:33Z</responseDate><request verb="GetRecord" identifier="oai:www.recercat.cat:2445/223425" metadataPrefix="marc">https://recercat.cat/oai/request</request><GetRecord><record><header><identifier>oai:recercat.cat:2445/223425</identifier><datestamp>2025-12-05T01:58:03Z</datestamp><setSpec>com_2072_1057</setSpec><setSpec>col_2072_478917</setSpec><setSpec>col_2072_478921</setSpec></header><metadata><record xmlns="http://www.loc.gov/MARC21/slim" xmlns:dcterms="http://purl.org/dc/terms/" xmlns:xsi="http://www.w3.org/2001/XMLSchema-instance" xmlns:doc="http://www.lyncode.com/xoai" xsi:schemaLocation="http://www.loc.gov/MARC21/slim http://www.loc.gov/standards/marcxml/schema/MARC21slim.xsd">
   <leader>00925njm 22002777a 4500</leader>
   <datafield ind2=" " ind1=" " tag="042">
      <subfield code="a">dc</subfield>
   </datafield>
   <datafield ind2=" " ind1=" " tag="720">
      <subfield code="a">Junqué i Plaja, Carme, 1955-</subfield>
      <subfield code="e">author</subfield>
   </datafield>
   <datafield ind2=" " ind1=" " tag="260">
      <subfield code="c">2025-09-29T12:16:25Z</subfield>
   </datafield>
   <datafield ind2=" " ind1=" " tag="260">
      <subfield code="c">2025-09-29T12:16:25Z</subfield>
   </datafield>
   <datafield ind2=" " ind1=" " tag="260">
      <subfield code="c">1999-02</subfield>
   </datafield>
   <datafield ind2=" " ind1=" " tag="260">
      <subfield code="c">2025-09-29T12:16:26Z</subfield>
   </datafield>
   <datafield ind2=" " ind1=" " tag="520">
      <subfield code="a">[spa] Introducción y desarrollo. Las secuelas neuropsicológicas de los traumatismos craneoencefálicos (TCE) son consecuencia del conjunto de lesiones cerebrales focales y difusas. Los focos de contusión afectan preferentemente los lóbulos frontales. Las lesiones frontobasales producen importantes cambios de personalidad, humor y trastornos conductuales. Las lesiones dorsolaterales, trastornos en las funciones ejecutivas (ausencia de planificación, flexibilidad mental y uso de estrategias adecuadas). Las contusiones temporales izquierdas pueden ocasionar afasia. La atrofia hipocámpica o parahipocámpica es la principal responsable de los trastornos de memoria. Las lesiones axonales difusas se relacionan con la afectación de la atención, la velocidad de procesamiento cognitivo y de las funciones frontales. El desarrollo de las técnicas de neuroimagen, en especial la adquisición y análisis tridimensional, ha facilitado enormemente el estudio de los correlatos anatomofuncionales. Los estudios genéticos explican parte de las diferencias individuales en el grado de afectación de la memoria y de la relación entre el TCE y la enfermedad de Alzheimer.&#xd;
&#xd;
Conclusiones El modelo de percusión en el TCE practicado en ratas y ratones permite el estudio de la relación entre alteraciones estructurales, cambios en memoria, factores genéticos y efectos del tratamiento farmacológico&#xd;
Keywords</subfield>
   </datafield>
   <datafield ind2=" " ind1=" " tag="520">
      <subfield code="a">[eng] Introduction and development. Traumatic brain injury (TBI) neuropsychological sequelae are consequence of the&#xd;
combination of focal and diffuse cerebral lesions. Foci of concussion usually involves frontal lobes. Fronto-basal lesions&#xd;
produces important changes in mood, personality and behavior, and dorsolateral lesions impairment of executive functions (lack&#xd;
of planning, flexibility and use of strategies). Left temporal concussion can produce aphasia. Hippocampal and parahippocampal atrophy are essentially responsible of memory dysfunctions. Diffuse axonal damage is related to impairment of attention,&#xd;
speed of mental processing and frontal lobe functions. The development of neuroimaging techniques, especially tridimensional&#xd;
magnetic resonance acquisition and analysis, allows accurate anatomo-functional correlates. Genetic variables can explain in&#xd;
part individual differences in the degree of memory impairment and the relationship of TBI with Alzheimer’s disease. Conclusions. The TBI percussion model performed in rat and mouse allows the study of the interelationship among structural damage,&#xd;
memory changes, genetic factors, and the effects of pharmacological treatment</subfield>
   </datafield>
   <datafield tag="653" ind2=" " ind1=" ">
      <subfield code="a">Traumatismes cranials</subfield>
   </datafield>
   <datafield tag="653" ind2=" " ind1=" ">
      <subfield code="a">Lesions cerebrals</subfield>
   </datafield>
   <datafield tag="653" ind2=" " ind1=" ">
      <subfield code="a">Imatges per ressonància magnètica</subfield>
   </datafield>
   <datafield tag="653" ind2=" " ind1=" ">
      <subfield code="a">Skull injuries</subfield>
   </datafield>
   <datafield tag="653" ind2=" " ind1=" ">
      <subfield code="a">Brain damage</subfield>
   </datafield>
   <datafield tag="653" ind2=" " ind1=" ">
      <subfield code="a">Magnetic resonance imaging</subfield>
   </datafield>
   <datafield ind2="0" ind1="0" tag="245">
      <subfield code="a">Secuelas neuropsicológicas de los traumatismos craneo-enefálicos</subfield>
   </datafield>
   <datafield ind2="0" ind1="0" tag="245">
      <subfield code="a">Neuropsychological sequelae of head injury</subfield>
   </datafield>
</record></metadata></record></GetRecord></OAI-PMH>